LEADER 00807nam0-22002891i-450- 001 990006485690403321 005 20001010 035 $a000648569 035 $aFED01000648569 035 $a(Aleph)000648569FED01 035 $a000648569 100 $a20001010d--------km-y0itay50------ba 101 0 $aita 105 $ay-------001yy 200 1 $aGuinee equatoriale$ede la dictature des Colons a la dictature des Colonels$fMax Liniger-Goumaz 210 $aGeneve$cEd. du temps$d1982. 215 $a227 p.$d21 cm 676 $a966 700 1$aLiniger-Goumaz,$bMax$f<1930- >$0243927 801 0$aIT$bUNINA$gRICA$2UNIMARC 901 $aBK 912 $a990006485690403321 952 $aXIV E 2804$b26800$fFSPBC 959 $aFSPBC 996 $aGuinee Equatoriale$9653491 997 $aUNINA DB $aGEN01 LEADER 01163nam--2200409---450- 001 990000975400203316 005 20050620104037.0 010 $a84-397-1442-4 035 $a0097540 035 $aUSA010097540 035 $a(ALEPH)000097540USA01 035 $a0097540 100 $a20020222d1988----km-y0itay0103----ba 101 $aspa 102 $aES 105 $a||||||||001yy 200 1 $a<> confesíon$egénero literario$fMaría Zambrano 210 $aMadrid$cMondadori$dc1988 215 $a78 p$d19 cm 225 2 $aBolsillo$v23 300 $aIn cop.: Ensayo 410 $12001$aBolsillo$v23 606 0 $aAutobiografie e memorie$xSaggi 676 $a808.06692 700 1$aZAMBRANO,$bMaría$0143956 801 0$aIT$bsalbc$gISBD 912 $a990000975400203316 951 $aII.1.D. 1919(II sp B 4 36)$b101027 LM$cII sp B 959 $aBK 969 $aUMA 979 $aPATTY$b90$c20020222$lUSA01$h0959 979 $aPATTY$b90$c20020325$lUSA01$h1046 979 $c20020403$lUSA01$h1739 979 $aPATRY$b90$c20040406$lUSA01$h1707 979 $aCOPAT6$b90$c20050620$lUSA01$h1040 996 $aConfesión$928063 997 $aUNISA